000 00945nam a22002897a 4500
001 9881
003 FISKH
005 20260311123552.0
008 260311b cb ||||| |||| 00| 0 eng d
020 _a033500039713
040 _aFISKH
_b eng
_cFISKH
_dFISKH
050 _aPZ7 .M7128 .W
082 _a388.742
100 _aMoche , Dinah L.
245 _aWe're taking an airplane trip /
_cBy Dianh L. Moche : Illustrated by Carolyn Bracken
260 _aNew York :
_bMerrigold Press ,
_c1982 .
300 _a24 unnumbered pages :
_bcolor illustrations ;
_c21 X 21 cm .
505 _aJ
520 _aDescribes all the things that two children do and see on their first airplane trip alone.
521 8 _a500
_bLexile estimate
521 8 _aJ
_bRaz-Plus
650 _aAirplanes
_vPicture Books
650 _aTravel
_vPicutre Book
700 _aBracken , Carolyn
_eIllustrator
942 _2ddc
_cBK
_n0
999 _c9881
_d9881